| 000 | 00441nam a2200157Ia 4500 | ||
|---|---|---|---|
| 020 | _a8120308697 | ||
| 082 |
_a621.317 _bRAD |
||
| 100 | _aRashid,Muhammad,H | ||
| 245 | _aPower Electronics | ||
| 250 | _a2nd 3rd . Ed. | ||
| 260 |
_bPHI Learning Private Limited _aNew Delhi _c1996 |
||
| 300 | _a702p. | ||
| 650 | _aELECTRONICS ENGINEERING, | ||
| 653 | _aPOWER SEMICONDUCTOR DIODES,DIODE CIRCUITS AND RECTIFIERS, THYRISTORS | ||
| 942 |
_2ddc _cBK |
||
| 999 |
_c5355 _d5355 |
||